The politics of administration : understanding bureaucracy in Africa /

محفوظ في:
التفاصيل البيبلوغرافية
المؤلف الرئيسي: Moyo, Janathan N.
التنسيق: كتاب
منشور في: Harare : SAPES Books, 1992.
الموضوعات:
الوسوم: إضافة وسم
لا توجد وسوم, كن أول من يضع وسما على هذه التسجيلة!

MARC

LEADER 00000nam a2200000 a 4500
020 |a 0797410864  |c TZS 42,548.84 
040 |a MUL  |b eng.  |e AACR 
082 |a 350.001 MOY 
100 1 |a Moyo, Janathan N. 
245 1 4 |a The politics of administration :  |b understanding bureaucracy in Africa /  |c Jonathan N. Moyo. 
260 |a Harare :  |b SAPES Books,  |c 1992. 
300 |a xxiii, 151 p. ;  |c 21 cm. 
504 |a Includes bibliographical references (p. [120]-140) and index. 
546 |a eng. 
650 0 |a Public administration  |z Africa. 
650 0 |a Bureaucracy  |z Africa. 
942 |c BK 
999 |c 1791  |d 1791